000 00420cam a22001217a 4500
008 180718b1973 xxu||||| |||| 00| 0 eng d
082 _aA81x54 In2/71/1/Mon2/PT2
100 _aCensus of India 1971
245 _aIndian census through a hundred years
260 _aDelhi
_bThe Manager of Publications
_c1973
300 _a550+p.
440 _aCensus of India 1971. Census Centenary Monograph No. 2. Part II (chapter III & IV)
999 _c484839
_d484839